Music Quiz

Random Music or Clickable Quiz

If...Then Song Lyrics Quiz Stats

Quiz Updated Aug 12, 2016

Also try: Finish the Lyric
Challenge
Share
Tweet
Embed
Score 0/25 Timer 06:00
2 Plays Today
% Correct
carry on, carry on.
85.2%
I think I'm gonna name him Bill or George!
84.9%
I'd hammer in the morning.
84.8%
she'll be waiting in Istanbul.
78.6%
I'd go out on the ocean.
77.6%
I'll never stop.
75.2%
you'll take away the biggest part of me.
71.1%
your best won't do.
71.1%
would you still remember me?
68.4%
I'd be Jimmy Page.
68.3%
then you'd know why I feel blue.
68.1%
why don't you go where fashion sits?
67.8%
there will be trouble.
65.8%
% Correct
I'd build a tree-fort in our yard.
65.5%
would you promise to be true?
63.9%
I don't think that I can really survive.
62.9%
you'll just have yourself to blame.
59.5%
please let me know.
59.2%
you'd laugh and say 'nothing's that simple.'
50.8%
got to bleed for it, baby.
50.4%
then where am I to go?
40.7%
I'll thank for all the things you did in my life.
38.7%
I'd make wine from your tears.
36.6%
I'll follow your bus downtown.
35%
don't leave now.
33.1%

You're not logged in!

Compare scores with friends on all Sporcle quizzes.
Join for Free
OR
Log In

You Might Also Like...

Show Comments

Extras

Top Quizzes Today


Score Distribution

Your Account Isn't Verified!

In order to create a playlist on Sporcle, you need to verify the email address you used during registration. Go to your Sporcle Settings to finish the process.

Report this User

Report this user for behavior that violates our Community Guidelines.

Details: